Eastern Utah Libraries Catalog: Duchesne, Heber, Roosevelt, & Vernal

Hogar / (Record no. 407936)

MARC details
000 -LEADER
fixed length control field 02486cam a2200481 i 4500
001 - CONTROL NUMBER
control field 1449678352
003 - CONTROL NUMBER IDENTIFIER
control field OCoLC
005 - DATE AND TIME OF LATEST TRANSACTION
control field 20250519172827.0
008 - FIXED-LENGTH DATA ELEMENTS--GENERAL INFORMATION
fixed length control field 240724s2025 nyub b 000 1 spa
010 ## - LIBRARY OF CONGRESS CONTROL NUMBER
LC control number 2024033757
020 ## - INTERNATIONAL STANDARD BOOK NUMBER
International Standard Book Number 9780593859735
Qualifying information (hardcover)
020 ## - INTERNATIONAL STANDARD BOOK NUMBER
International Standard Book Number 0593859731
020 ## - INTERNATIONAL STANDARD BOOK NUMBER
Cancelled/invalid ISBN 9780593859759
Qualifying information (kindle edition)
020 ## - INTERNATIONAL STANDARD BOOK NUMBER
Cancelled/invalid ISBN 9780593859742
Qualifying information (epub)
035 ## - SYSTEM CONTROL NUMBER
System control number (OCoLC)1449678352
040 ## - CATALOGING SOURCE
Original cataloging agency DLC
Language of cataloging eng
Description conventions rda
Transcribing agency DLC
Modifying agency BDX
-- OCLCO
-- IG#
-- ORX
-- OCLCO
-- BRL
-- NYP
041 1# - LANGUAGE CODE
Language code of text/sound track or separate title spa
Language code of original and/or intermediate translations of text eng
042 ## - AUTHENTICATION CODE
Authentication code pcc
050 10 - LIBRARY OF CONGRESS CALL NUMBER
Classification number PZ73
Item number .D395 2024
082 00 - DEWEY DECIMAL CLASSIFICATION NUMBER
Classification number [E]
Edition number 23
092 ## - LOCALLY ASSIGNED DEWEY CALL NUMBER (OCLC)
Classification number children nonfiction - Spanish
Item number de la Peña
100 1# - MAIN ENTRY--PERSONAL NAME
Personal name de la Peña, Matt,
Relator term author.
9 (RLIN) 5961157
240 10 - UNIFORM TITLE
Uniform title <a href="Home.">Home.</a>
Language of a work Spanish.
245 10 - TITLE STATEMENT
Title Hogar /
Statement of responsibility, etc autor ganador de la Newbery Medal Matt de la Peña ; ilustrador bestseller del New York Times Loren Long ; traducción de Polo e Ileana Orozco.
264 #1 - Production, Publication, Distribution, Manufacture, and Copyright Notice.
Place of production, publication, distribution, manufacture New York :
Name of producer, publisher, distributor, manufacturer G.P. Putnam's Sons,
Date of production, publication, distribution, manufacture, or copyr 2025.
300 ## - PHYSICAL DESCRIPTION
Extent 1 volume (unpaged) :
Other physical details color illustrations ;
Dimensions 29 cm.
336 ## - Content Type
Content type term text
336 ## - Content Type
Content type term still image
337 ## - Media type
Media type term unmediated
338 ## - Carrier type
Carrier type term volume
520 ## - SUMMARY, ETC.
Summary, etc Hogar es una soñolienta canción de cuna y un murmullo de traáfico que de noche se cuela entre tus cortinas. Hogar es la tenue sirena de una barcaza lejana mientras tu abuelo lanza el sedal desde el borde de su casa flotante. Así comienza esta emocionante celebración del hogar en sus diferentes formas. Ya que el hogar es una idea más profunda que los muros que levantamos a nuestro alrededor. Es la familia que demuestra su amor por medio de pequeños gestos cada día. Es la comunidad que se apoya en los tiempos difíciles. Y es la maravilla del mundo natural, un refugio que compartimos con todo ser viviente en la Tierra.
520 ## - SUMMARY, ETC.
Summary, etc "An exploration of the various places, people, and feelings that create a sense of home and provide refuge in the face of instability"--
521 1# - TARGET AUDIENCE NOTE
Target audience note 004-008.
Source Putnam.
650 #0 - SUBJECT ADDED ENTRY--TOPICAL TERM
Topical term or geographic name as entry element Home
Form subdivision Juvenile fiction.
9 (RLIN) 5733191
650 #1 - SUBJECT ADDED ENTRY--TOPICAL TERM
Topical term or geographic name as entry element Home
Form subdivision Fiction.
9 (RLIN) 5775402
650 #1 - SUBJECT ADDED ENTRY--TOPICAL TERM
Topical term or geographic name as entry element Spanish language materials.
655 #7 - INDEX TERM--GENRE/FORM
Genre/form data or focus term Picture books.
Source of term lcgft.
700 1# - ADDED ENTRY--PERSONAL NAME
Personal name Long, Loren,
Relator term illustrator.
9 (RLIN) 48589
700 1# - ADDED ENTRY--PERSONAL NAME
Personal name Orozco, Polo,
Relator term translator.
9 (RLIN) 6390883
700 1# - ADDED ENTRY--PERSONAL NAME
Personal name Orozco, Ileana,
Relator term translator.
9 (RLIN) 6489658
776 08 - ADDITIONAL PHYSICAL FORM ENTRY
Display text Online version:
Main entry heading de la Peña, Matt.
Title Hogar
Place, publisher, and date of publication New York : Putnam, 2025
International Standard Book Number 9780593859759
Record control number (DLC) 2024033758.
942 ## - ADDED ENTRY ELEMENTS (KOHA)
Source of classification or shelving scheme Dewey Decimal Classification
Koha item type BOOK
Holdings
Withdrawn status Lost status Source of classification or shelving scheme Damaged status Not for loan Collection code Home library Current library Shelving location Date acquired Source of acquisition Total Checkouts Total Renewals Full call number Barcode Date last seen Date checked out Cost, replacement price Price effective from Koha item type
    Dewey Decimal Classification     Spanish Children NonFiction Wasatch County Library Wasatch County Library First Floor 05/19/2025 Micromarketing 2 1 E Vida Emociónes de la Peña 34301002154849 10/09/2025 06/17/2025 19.99 05/19/2025 BOOK
This project was made possible through a grant from the Institute of Museum and Library Service administered by the Utah State Library Division.

Wasatch County Library

  • 465 East 1200 South, Heber City, Utah 84032
  • Phone 435-654-1511 | Fax 435-654-6456

Hours

  • Monday - Friday 9:30 AM - 8:00 PM
  • Saturday 9:30 AM - 1:30 PM
  • Closed Sundays and Holidays